000
00257nam a2200109Ia 4500
008
200302s9999 xx 000 0 und d
100
_a
Author
245
_a
2009 Architecture Annual
260
_b
Archiworld Publication, Korea
260
_c
2009
300
_a
407
999
_c
4500
_d
4500